|
|
|
|
| LEADER |
00773nab a2200229 i 4500 |
| 001 |
misc64951 |
| 005 |
20230512092819.0 |
| 008 |
230331s1957 hu o 0|| tur d |
| 040 |
|
|
|a SZTE Miscellanea Repozitórium
|b hun
|
| 041 |
|
|
|a tur
|
| 100 |
1 |
|
|a Tekin Talât
|
| 245 |
1 |
0 |
|a Köktürk yazıtlarındaki deyimler üzerine II.
|h [elektronikus dokumentum] /
|c Tekin Talât
|
| 260 |
|
|
|a Türk Dil Kurumu
|b Ankara
|c 1957
|
| 300 |
|
|
|a 423-426
|
| 300 |
|
|
|a [4] p.
|
| 490 |
0 |
|
|a Köktürk yazıtlarındaki deyimler üzerine
|
| 561 |
|
|
|a Németh Gyula hagyaték
|
| 591 |
|
|
|a NOA 5963
|
| 650 |
|
4 |
|a Bölcsészettudományok
|
| 650 |
|
4 |
|a Nyelvek és irodalom
|
| 695 |
|
|
|a Feliratok - török nyelv
|
| 856 |
4 |
0 |
|u http://misc.bibl.u-szeged.hu/64951/1/5963_noa.pdf
|z Dokumentum-elérés
|